| 000 | 01170nam a22003257a 4500 | ||
|---|---|---|---|
| 001 | BR7803377 | ||
| 003 | BR-BrBNA | ||
| 005 | 20230928085617.0 | ||
| 007 | ta | ||
| 008 | 230509b bl.||||| |||| 00| 0 por d | ||
| 040 |
_aBR-BrBNA _bpor _cBiblioteca Nacional de Agricultura |
||
| 041 | _a(Por) | ||
| 072 |
_aP05; E15 _b/G514 |
||
| 090 | _ P05 BR7803377 | ||
| 110 | 1 |
_aScientia, Engenharia de Sistemas, Desenvolvimento de Prototipos e Processos Ltda., Rio de Janeiro, RJ (Brasil); _98178 |
|
| 110 | 1 |
_aCentrais Eletricas Brasileiras S.A., Rio de Janeiro, RJ; _91384 |
|
| 110 | 1 | _aSuperintendencia do Desenvolvimento do Nordeste, Recife, PE (Brasil) | |
| 111 | 1 |
_aSeminario sobre Energia Eolica na Geracao Eletrica _cRecife, PE (Brazil) _d13 Feb 1978 |
|
| 245 | 1 | _aSistemas de conversao de energia eolica [Vento; catavento; custo-beneficio; Brasil] | |
| 260 | 3 |
_aRio de Janeiro, RJ (Brasil): _bELETROBRAS, _c1978. |
|
| 300 | _a87 p. | ||
| 500 | _a18 illus. | ||
| 650 | _aRecurso energetico | ||
| 650 | _aMicroeconomia | ||
| 650 | _aCusto-beneficio | ||
| 650 | _aVento | ||
| 650 | _aEnergia eolica | ||
| 909 |
_a202309 _bLucia _c55 _dLucia Elande |
||
| 942 | _cBK | ||
| 999 |
_c25364 _d25364 |
||